[Event "SLO-chT"]
[Site "Slovenia"]
[Date "2016.10.15"]
[Round "2"]
[White "Markun, Bostjan"]
[Black "Novak, Gorazd"]
[Result "1-0"]
[WhiteElo "2294"]
[BlackElo "2182"]
[PlyCount "102"]
[EventDate "2016.10.14"]
[EventType "team-tourn"]
[EventRounds "9"]
[EventCountry "SLO"]
[SourceTitle "EXT 2017"]
[Source "ChessBase"]
[SourceDate "2016.10.25"]
[SourceVersion "1"]
[SourceVersionDate "2016.10.25"]
[SourceQuality "1"]
[WhiteTeam "Prevodi Dvojka"]
[BlackTeam "Krsko Triglav"]
[WhiteTeamCountry "SLO"]
[BlackTeamCountry "SLO"]

1. e4 c5 2. c3 d5 3. exd5 Qxd5 4. d4 Nc6 5. Nf3 cxd4 6. cxd4 e5 7. Nc3 Bb4 8. Bd2 Bxc3 9. Bxc3 e4 10. Ne5 Nxe5 11. dxe5 Ne7 12. Qa4+ Bd7 13. Qb4 a5 14. Qd6 Bc6 15. Rd1 Qxd6 16. exd6 Nf5 17. Bc4 Rd8 18. Bxa5 Rxd6 19. 0-0 0-0 20. Bb4 Rxd1 21. Rxd1 Re8 22. Bd5 e3 23. fxe3 Nxe3 24. Bxc6 bxc6 25. Re1 Re6 26. Bc5 Nd5 27. Rxe6 fxe6 28. a4 Kf7 29. a5 Nc7 30. Bd6 Na6 31. Kf2 Ke8 32. Ke3 Kd7 33. Bf8 g6 34. b4 c5 35. Ke4 Kc6 36. g4 h5 37. g5 Nc7 38. Bxc5 Na6 39. h3 Nc7 40. Bf2 Na6 41. Be1 Nc7 42. Bc3 Nd5 43. Bd2 Nc7 44. h4 Na6 45. Bc3 Nc7 46. Be5 Na6 47. Bc3 Nc7 48. Bd2 Na6 49. Be1 Nc7 50. Kd4 Na6 51. Kc4 Kd7 1-0

[Event "SLO-chT 25th"]
[Site "Otocec"]
[Date "2015.11.29"]
[Round "9.23"]
[White "Novak, Gorazd"]
[Black "Kokol, Peter"]
[Result "0-1"]
[WhiteElo "2211"]
[BlackElo "2363"]
[PlyCount "70"]
[EventDate "2015.10.16"]
[EventType "team-tourn"]
[EventRounds "9"]
[EventCountry "SLO"]
[SourceTitle "EXT 2020"]
[Source "ChessBase"]
[SourceDate "2019.10.17"]
[SourceVersion "1"]
[SourceVersionDate "2019.10.17"]
[SourceQuality "1"]
[WhiteTeam "Krsko Triglav"]
[BlackTeam "Maribor ZSK"]
[WhiteTeamCountry "SLO"]
[BlackTeamCountry "SVK"]

1. e4 c5 2. Nf3 e6 3. d4 cxd4 4. Nxd4 a6 5. Bd3 b5 6. 0-0 Bb7 7. Kh1 Bc5 8. Nb3 Bb6 9. f4 h5 10. Qf3 Nf6 11. Be3 Ng4 12. Bxb6 Qxb6 13. Nc3 Nc6 14. a4 Nb4 15. axb5 axb5 16. Rae1 Nxd3 17. cxd3 b4 18. Nd1 Ba6 19. h3 Rc8 20. Qe2 Nf6 21. Nf2 h4 22. e5 Nh5 23. Ne4 Bb7 24. Nd6+ Qxd6 25. exd6 Ng3+ 26. Kg1 Nxe2+ 27. Rxe2 Ba6 28. Rc1 0-0 29. Rec2 Rxc2 30. Rxc2 Bxd3 31. Rc7 Rd8 32. Rb7 Be4 33. Rxb4 Bc6 34. Nd4 Bd5 35. Nb5 Rb8 0-1

[Event "SLO-chT 25th"]
[Site "Otocec"]
[Date "2015.11.27"]
[Round "7.23"]
[White "Suta, Andraz"]
[Black "Novak, Gorazd"]
[Result "1/2-1/2"]
[WhiteElo "2165"]
[BlackElo "2211"]
[PlyCount "61"]
[EventDate "2015.10.16"]
[EventType "team-tourn"]
[EventRounds "9"]
[EventCountry "SLO"]
[SourceTitle "EXT 2020"]
[Source "ChessBase"]
[SourceDate "2019.10.17"]
[SourceVersion "1"]
[SourceVersionDate "2019.10.17"]
[SourceQuality "1"]
[WhiteTeam "Ptuj"]
[BlackTeam "Krsko Triglav"]
[WhiteTeamCountry "SLO"]
[BlackTeamCountry "SLO"]

1. e4 d6 2. d4 c6 3. Nf3 Nd7 4. a4 e5 5. Bc4 Be7 6. 0-0 Ngf6 7. Nc3 0-0 8. a5 Nxe4 9. Nxe4 d5 10. Nxe5 Nxe5 11. dxe5 dxe4 12. Qe2 Bf5 13. c3 Bg5 14. f3 Bxc1 15. Rfxc1 Qg5 16. Rd1 Rae8 17. e6 Bxe6 18. Bxe6 Rxe6 19. fxe4 Rfe8 20. Rd7 Rxe4 21. Qf2 Rf4 22. Re1 Rxe1+ 23. Qxe1 h5 24. Qe8+ Kh7 25. Rxf7 Qc5+ 26. Kh1 Qxa5 27. h3 Qa1+ 28. Kh2 Rxf7 29. Qxf7 Qxb2 30. Qxh5+ Kg8 31. Qe8+ 1/2-1/2

[Event "SLO-chT 25th"]
[Site "Otocec"]
[Date "2015.10.18"]
[Round "3.11"]
[White "Cigan, Stefan"]
[Black "Novak, Gorazd"]
[Result "1/2-1/2"]
[WhiteElo "2358"]
[BlackElo "2211"]
[PlyCount "119"]
[EventDate "2015.10.16"]
[EventType "team-tourn"]
[EventRounds "9"]
[EventCountry "SLO"]
[SourceTitle "EXT 2020"]
[Source "ChessBase"]
[SourceDate "2019.10.17"]
[SourceVersion "1"]
[SourceVersionDate "2019.10.17"]
[SourceQuality "1"]
[WhiteTeam "Radenska Pomgrad"]
[BlackTeam "Krsko Triglav"]
[WhiteTeamCountry "SLO"]
[BlackTeamCountry "SLO"]

1. e4 c5 2. Nf3 d6 3. d4 cxd4 4. Nxd4 Nf6 5. Nc3 a6 6. f4 Qc7 7. a4 b6 8. Be2 Bb7 9. Bf3 Nbd7 10. 0-0 g6 11. Be3 Bg7 12. g4 e5 13. g5 exd4 14. Bxd4 0-0 15. gxf6 Nxf6 16. Qd3 Rad8 17. Rad1 Rfe8 18. Rfe1 h5 19. Qe3 Ng4 20. Bxg4 Bxd4 21. Rxd4 hxg4 22. f5 Re5 23. f6 Kh7 24. Red1 Qc5 25. Qf2 Rg5 26. Nd5 Re8 27. Nf4 Qe5 28. Nd3 g3 29. hxg3 Rxg3+ 30. Kh2 Rf3+ 31. Nxe5 Rxf2+ 32. Kg3 Rxf6 33. Ng4 Rfe6 34. Rxd6 Kg7 35. e5 R8e7 36. Rxe6 Rxe6 37. Rd6 Re7 38. Rxb6 Bc8 39. a5 Rc7 40. c3 Rc5 41. Ne3 Rxe5 42. Nc4 Rg5+ 43. Kf3 Be6 44. Nd6 Rxa5 45. c4 g5 46. b3 Ra1 47. Ne4 g4+ 48. Kg3 Rb1 49. Nc5 Bxc4 50. Kxg4 a5 51. Rb7 Bxb3 52. Rxb3 Rxb3 53. Nxb3 a4 54. Nc1 Kf6 55. Kf4 a3 56. Na2 Ke6 57. Nb4 Kd6 58. Kf5 Kc5 59. Na2 Kc4 60. Kf6 1/2-1/2

[Event "SLO-CupT"]
[Site "Novo Mesto"]
[Date "2015.03.29"]
[Round "4"]
[White "Novak, Gorazd"]
[Black "Srebrnic, Vojko"]
[Result "1-0"]
[WhiteElo "2225"]
[BlackElo "2216"]
[PlyCount "55"]
[EventDate "2015.03.27"]
[EventType "team-swiss"]
[EventRounds "5"]
[EventCountry "SLO"]
[SourceTitle "EXT 2019"]
[Source "ChessBase"]
[SourceDate "2018.10.10"]
[SourceVersion "1"]
[SourceVersionDate "2018.10.10"]
[SourceQuality "1"]
[WhiteTeam "Krsko Triglav"]
[BlackTeam "Nova Gorica"]
[WhiteTeamCountry "SLO"]
[BlackTeamCountry "SLO"]

1. e4 c5 2. Nf3 Nc6 3. d4 cxd4 4. Nxd4 g6 5. Nc3 Bg7 6. Be3 Nf6 7. Nxc6 bxc6 8. e5 Ng8 9. Bd4 Qa5 10. Bc4 Bxe5 11. 0-0 Nf6 12. Re1 d6 13. Bxe5 dxe5 14. Qe2 0-0 15. Qxe5 Qxe5 16. Rxe5 Re8 17. Rd1 Kf8 18. Rc5 Bb7 19. Ra5 e6 20. Na4 Ke7 21. Nc5 Reb8 22. b4 Bc8 23. a3 Nd7 24. Ne4 Nb6 25. Be2 f5 26. Nd6 Nd5 27. Nxc8+ Rxc8 28. Bf3 1-0

[Event "SLO-CupT"]
[Site "Novo Mesto"]
[Date "2015.03.29"]
[Round "5"]
[White "Novak, Gorazd"]
[Black "Titan, Matej"]
[Result "0-1"]
[WhiteElo "2225"]
[BlackElo "2242"]
[PlyCount "92"]
[EventDate "2015.03.27"]
[EventType "team-swiss"]
[EventRounds "5"]
[EventCountry "SLO"]
[SourceTitle "EXT 2019"]
[Source "ChessBase"]
[SourceDate "2018.10.10"]
[SourceVersion "1"]
[SourceVersionDate "2018.10.10"]
[SourceQuality "1"]
[WhiteTeam "Krsko Triglav"]
[BlackTeam "Radenska Pomgrad"]
[WhiteTeamCountry "SLO"]
[BlackTeamCountry "SLO"]

1. e4 e5 2. Nf3 Nc6 3. c3 Nf6 4. d4 exd4 5. e5 Nd5 6. Qb3 Nb6 7. cxd4 d5 8. a4 a5 9. Bb5 Be7 10. 0-0 0-0 11. h3 f6 12. Re1 fxe5 13. Bxc6 bxc6 14. Nxe5 Bd6 15. Qg3 Nc4 16. Bh6 Bxe5 17. dxe5 Qe7 18. b3 Nd6 19. Qxg7+ Qxg7 20. Bxg7 Kxg7 21. exd6 cxd6 22. Nd2 Bd7 23. Re7+ Rf7 24. Rxf7+ Kxf7 25. f4 Rb8 26. Kf2 Rb4 27. Kf3 c5 28. Rc1 Bc8 29. g4 Bb7 30. Ke3 Ba6 31. Rb1 Rd4 32. Nf3 Re4+ 33. Kf2 Rxf4 34. Rd1 d4 35. Kg3 Be2 36. Ng5+ Kg6 37. Rd2 Rf6 38. Ne4 Rf3+ 39. Kh4 Bf1 40. Ng3 Ba6 41. Rb2 d5 42. Nf5 Rxf5 43. gxf5+ Kxf5 44. Kg3 Ke4 45. Kf2 Kd3 46. Ke1 Kc3 0-1

[Event "SLO-CupT"]
[Site "Novo Mesto"]
[Date "2015.03.28"]
[Round "3"]
[White "Tomazini, Aljosa"]
[Black "Novak, Gorazd"]
[Result "1-0"]
[WhiteElo "2335"]
[BlackElo "2225"]
[PlyCount "107"]
[EventDate "2015.03.27"]
[EventType "team-swiss"]
[EventRounds "5"]
[EventCountry "SLO"]
[SourceTitle "EXT 2019"]
[Source "ChessBase"]
[SourceDate "2018.10.10"]
[SourceVersion "1"]
[SourceVersionDate "2018.10.10"]
[SourceQuality "1"]
[WhiteTeam "Slovenska Bistrica Impol"]
[BlackTeam "Krsko Triglav"]
[WhiteTeamCountry "SLO"]
[BlackTeamCountry "SLO"]

1. d4 c6 2. Nf3 d6 3. c4 Nf6 4. Nc3 Qc7 5. e4 e5 6. d5 Be7 7. h3 0-0 8. Be3 Ne8 9. g4 Bd7 10. Rc1 a5 11. Na4 c5 12. Nc3 Na6 13. Bd3 a4 14. a3 Qa5 15. Bd2 Nac7 16. Rb1 Nf6 17. Kf1 Rfb8 18. Kg2 Qa6 19. Qf1 b6 20. Ne1 Qc8 21. f3 Qe8 22. Nb5 Nxb5 23. cxb5 h6 24. Nc2 Nh7 25. h4 h5 26. Ne3 Qd8 27. Qf2 Nf6 28. g5 Nh7 29. Nf5 Nf8 30. Ng3 g6 31. f4 exf4 32. Qxf4 Be8 33. Bc3 Nd7 34. Nxh5 gxh5 35. e5 Nxe5 36. Bxe5 dxe5 37. Qe4 Bf6 38. gxf6 Qxf6 39. Rh3 Bd7 40. Rg3+ Bg4 41. Rf1 Qg6 42. Qxe5 Qg7 43. Qf4 Re8 44. Rf2 Rad8 45. Bf5 Qe5 46. Qh6 Qg7 47. Qf4 Qe5 48. Qh6 Qg7 49. Qxb6 Rxd5 50. Qc6 Rde5 51. b6 Re2 52. Bxg4 Rxf2+ 53. Kxf2 hxg4 54. Qxe8+ 1-0

[Event "Sentjur Ipavec Memorial 13th"]
[Site "Sentjur"]
[Date "2012.09.23"]
[Round "6"]
[White "Novak, Gorazd"]
[Black "Pirs, Matjaz"]
[Result "1-0"]
[WhiteElo "2254"]
[BlackElo "2055"]
[PlyCount "65"]
[EventDate "2012.09.19"]
[EventType "swiss"]
[EventRounds "9"]
[EventCountry "SLO"]
[SourceTitle "EXT 2015"]
[Source "ChessBase"]
[SourceDate "2014.11.20"]
[SourceVersion "1"]
[SourceVersionDate "2014.11.20"]
[SourceQuality "1"]

1. e4 d5 2. Nc3 dxe4 3. Nxe4 Bf5 4. Ng3 Bg6 5. h4 h6 6. Nf3 Nd7 7. d4 e6 8. h5 Bh7 9. Bd3 Bxd3 10. Qxd3 Ngf6 11. Bd2 Be7 12. 0-0-0 c6 13. Ne4 Nxe4 14. Qxe4 Nf6 15. Qe2 Bd6 16. g4 Qc7 17. Ne5 Nd7 18. g5 Nxe5 19. dxe5 Bxe5 20. g6 Bf6 21. gxf7+ Kxf7 22. Qg4 Rhe8 23. Rde1 Rad8 24. Rhg1 Rd7 25. Qg6+ Kf8 26. Bxh6 Rf7 27. Bd2 Qb6 28. c3 Qa5 29. h6 Qxa2 30. hxg7+ Bxg7 31. Re4 Qd5 32. Rf4 e5 33. Qxg7+ 1-0

[Event "SLO-chT Cup"]
[Site "Ljubljana"]
[Date "2012.09.14"]
[Round "1.52"]
[White "Novak, Gorazd"]
[Black "Pridigar, Lovro"]
[Result "1/2-1/2"]
[WhiteElo "2254"]
[BlackElo "1495"]
[PlyCount "121"]
[EventDate "2012.09.14"]
[EventType "team-swiss"]
[EventRounds "5"]
[EventCountry "SLO"]
[SourceTitle "EXT 2015"]
[Source "ChessBase"]
[SourceDate "2014.11.20"]
[SourceVersion "1"]
[SourceVersionDate "2014.11.20"]
[SourceQuality "1"]
[WhiteTeam "Triglav Krsko"]
[BlackTeam "Postojna"]
[WhiteTeamCountry "SLO"]
[BlackTeamCountry "SLO"]

1. e4 e5 2. Nf3 Nc6 3. c3 Nf6 4. d4 d6 5. Bd3 Bg4 6. d5 Ne7 7. 0-0 Ng6 8. h3 Bd7 9. c4 c6 10. Nc3 Be7 11. Be3 0-0 12. Nh2 cxd5 13. cxd5 a6 14. a4 Rc8 15. Qb3 Qc7 16. Rac1 Qb8 17. Nf3 Nh5 18. Rfe1 Nhf4 19. Bf1 f5 20. Bxf4 Nxf4 21. g3 fxe4 22. Nxe4 Nxh3+ 23. Kh2 Bg4 24. Nxe5 Nxf2 25. Nxf2 Rxf2+ 26. Kg1 Rxc1 27. Rxc1 Qa7 28. Kh1 Qd4 29. Nxg4 Qxg4 30. Bg2 Qe2 31. Rc8+ Bf8 32. Qxb7 Rxg2 33. Rxf8+ Kxf8 34. Qc8+ Kf7 35. Qe6+ Qxe6 36. dxe6+ Kxe6 37. Kxg2 Kd5 38. Kf3 Kd4 39. Kf4 d5 40. g4 Kd3 41. Ke5 d4 42. b4 Kc4 43. b5 axb5 44. axb5 Kxb5 45. Kxd4 Kc6 46. Ke5 Kd7 47. g5 Ke7 48. Kf5 Kf8 49. g6 h6 50. Ke6 Ke8 51. Kd6 h5 52. Ke5 h4 53. Kf4 h3 54. Kg3 Ke7 55. Kxh3 Kf6 56. Kh4 Kxg6 57. Kg4 Kf6 58. Kf4 g6 59. Kg4 g5 60. Kg3 Kf5 61. Kf3 1/2-1/2

[Event "Velika Gorica op 10th"]
[Site "Velika Gorica"]
[Date "2012.08.26"]
[Round "6"]
[White "Dejanovic, Mladen"]
[Black "Novak, Gorazd"]
[Result "0-1"]
[WhiteElo "2125"]
[BlackElo "2254"]
[PlyCount "115"]
[EventDate "2012.08.20"]
[EventType "swiss"]
[EventRounds "9"]
[EventCountry "CRO"]
[SourceTitle "CBM 150 Extra"]
[Source "ChessBase"]
[SourceDate "2012.10.19"]
[SourceVersion "1"]
[SourceVersionDate "2012.10.19"]
[SourceQuality "1"]

1. e4 c5 2. Nc3 d6 3. g3 e6 4. Bg2 Nf6 5. d3 Be7 6. Nge2 0-0 7. 0-0 Nc6 8. f4 Rb8 9. a4 a6 10. Bd2 Qc7 11. h3 b5 12. b3 c4 13. axb5 cxd3 14. cxd3 axb5 15. Be3 Rd8 16. Rc1 d5 17. e5 Nd7 18. Bxd5 Ndxe5 19. Be4 f5 20. fxe5 fxe4 21. Nxe4 Bb7 22. Qc2 Qd7 23. Nf4 Nxe5 24. d4 Rbc8 25. Nc5 Bxc5 26. dxc5 Qc6 27. Qg2 Nf3+ 28. Rxf3 Qxf3 29. Qxf3 Bxf3 30. Nxe6 Re8 31. Kf2 Rxe6 32. Kxf3 Kf7 33. h4 Ke8 34. b4 Kd7 35. Ra1 Rf8+ 36. Bf4 Kc6 37. Ra7 Rg8 38. Ra6+ Kd5 39. Rxe6 Kxe6 40. c6 Ra8 41. c7 Kd7 42. Ke4 Ra4 43. Bd6 Ra6 44. Be5 g6 45. Kd5 Rc6 46. Bf4 Rc4 47. Bd6 h6 48. Ke5 Rc6 49. Bf8 h5 50. Kf4 Kxc7 51. Kg5 Kd7 52. g4 Ke8 53. Bg7 hxg4 54. Kxg4 Rc4+ 55. Kg5 Kf7 56. Be5 Rxb4 57. h5 gxh5 58. Kxh5 0-1

[Event "SLO-chT 20th"]
[Site "Gostovanja"]
[Date "2010.11.07"]
[Round "9"]
[White "Novak, Gorazd"]
[Black "Plahuta, Darko"]
[Result "1-0"]
[WhiteElo "2237"]
[BlackElo "2069"]
[PlyCount "71"]
[EventDate "2010.05.15"]
[EventType "team-tourn"]
[EventRounds "9"]
[EventCountry "SLO"]
[SourceTitle "EXT 2020"]
[Source "ChessBase"]
[SourceDate "2019.10.17"]
[SourceVersion "1"]
[SourceVersionDate "2019.10.17"]
[SourceQuality "1"]
[WhiteTeam "Krsko Triglav"]
[BlackTeam "Sentjur Bohorc"]
[WhiteTeamCountry "SVK"]
[BlackTeamCountry "SLO"]

1. e4 e6 2. d4 d5 3. Nc3 Nf6 4. Bg5 dxe4 5. Nxe4 Nbd7 6. Nf3 Be7 7. Bxf6 Nxf6 8. Nxf6+ Bxf6 9. Bd3 0-0 10. h4 c5 11. Qe2 Qa5+ 12. Kf1 Rd8 13. Qe4 cxd4 14. Qxh7+ Kf8 15. h5 Ke7 16. h6 Bd7 17. hxg7 Bb5 18. Rh5 Bxd3+ 19. cxd3 Qc7 20. Rh6 Rg8 21. Rxf6 Kxf6 22. Qh6+ Ke7 23. Rc1 Qd6 24. Rc4 e5 25. Qh4+ f6 26. Qe4 Rad8 27. Nh4 Qb6 28. Nf5+ Ke8 29. Qg4 Qe6 30. Rc7 Rb8 31. Qg6+ Kd8 32. Qf7 Qe8 33. Qxf6+ Kxc7 34. Qd6+ Kc8 35. Ne7+ Qxe7 36. Qxe7 1-0

[Event "SLO-ch qual"]
[Site "Otocec"]
[Date "2009.07.11"]
[Round "9"]
[White "Srebrnic, Vojko"]
[Black "Novak, Gorazd"]
[Result "1/2-1/2"]
[WhiteElo "2212"]
[BlackElo "2223"]
[PlyCount "143"]
[EventDate "2009.07.07"]
[EventType "swiss"]
[EventRounds "9"]
[EventCountry "SLO"]
[SourceTitle "EXT 2010"]
[Source "ChessBase"]
[SourceDate "2010.11.25"]
[SourceVersion "1"]
[SourceVersionDate "2010.11.25"]
[SourceQuality "1"]

1. c4 Nf6 2. Nc3 d5 3. cxd5 Nxd5 4. Nf3 g6 5. e4 Nxc3 6. dxc3 Qxd1+ 7. Kxd1 Nd7 8. Be3 Nf6 9. Bd3 Ng4 10. Bd4 f6 11. h3 e5 12. hxg4 exd4 13. Nxd4 Bxg4+ 14. f3 Bd7 15. Kc2 0-0-0 16. Bc4 Bd6 17. Be6 Bxe6 18. Nxe6 Rde8 19. Nd4 h5 20. Rad1 a6 21. Rh3 Bc5 22. b4 Bb6 23. Nb3 Re5 24. Nc1 Rg5 25. g3 Bf2 26. Ne2 a5 27. a3 axb4 28. axb4 Re5 29. Nf4 Rg5 30. Ne2 Re8 31. Rf1 Bb6 32. Nd4 c5 33. bxc5 Rxc5 34. Kd3 Ra5 35. g4 Rd8 36. gxh5 gxh5 37. Rc1 Kb8 38. Rhh1 Ra3 39. Kc4 Bxd4 40. cxd4 Rxf3 41. Rxh5 Re3 42. Rf1 Rxe4 43. Rd5 Rc8+ 44. Rc5 Rf8 45. Rcf5 Re6 46. d5 Ra6 47. Re1 Rc8+ 48. Kb5 Ka7 49. Re6 Ra1 50. Re4 Rb1+ 51. Rb4 Rd1 52. Ra4+ Kb8 53. Rc4 Rb1+ 54. Rb4 Rxb4+ 55. Kxb4 Rf8 56. Kc5 Kc7 57. d6+ Kd7 58. Kd5 b5 59. Rh5 Rf7 60. Rh8 Rg7 61. Rf8 Rg5+ 62. Kd4 Rf5 63. Ke4 Rf1 64. Rb8 Re1+ 65. Kd4 Re5 66. Rb6 Rh5 67. Kd3 Rd5+ 68. Ke4 Re5+ 69. Kd4 Rg5 70. Kd3 Rd5+ 71. Ke4 Re5+ 72. Kd4 1/2-1/2

[Event "SLO-ch qual"]
[Site "Otocec"]
[Date "2009.07.09"]
[Round "4"]
[White "Srebrnic, Marko"]
[Black "Novak, Gorazd"]
[Result "1/2-1/2"]
[WhiteElo "2333"]
[BlackElo "2223"]
[PlyCount "72"]
[EventDate "2009.07.07"]
[EventType "swiss"]
[EventRounds "9"]
[EventCountry "SLO"]
[SourceTitle "EXT 2010"]
[Source "ChessBase"]
[SourceDate "2010.11.25"]
[SourceVersion "1"]
[SourceVersionDate "2010.11.25"]
[SourceQuality "1"]

1. e4 c5 2. Nf3 d6 3. Nc3 Nf6 4. e5 dxe5 5. Nxe5 Nbd7 6. d4 e6 7. Nxd7 Bxd7 8. d5 exd5 9. Nxd5 Nxd5 10. Qxd5 Bc6 11. Qxd8+ Rxd8 12. Be3 Be7 13. Bd3 Bxg2 14. Rg1 Bd5 15. Rxg7 Bf6 16. Rxh7 Rxh7 17. Bxh7 Bxb2 18. Rb1 Bc3+ 19. Ke2 Bxa2 20. Rxb7 Bc4+ 21. Bd3 Bxd3+ 22. cxd3 Bd4 23. Bxd4 Rxd4 24. Rxa7 c4 25. dxc4 Rxc4 26. Ra3 Rh4 27. h3 Ke7 28. Rf3 Ke6 29. Kf1 f5 30. Kg2 Kf6 31. Ra3 Ke5 32. Ra8 Ke4 33. Rf8 Kf4 34. Rg8 Ke5 35. Rg7 Rh5 36. Rg6 Rh7 1/2-1/2

[Event "SLO-ch qual"]
[Site "Otocec"]
[Date "2009.07.08"]
[Round "3"]
[White "Kokol, Peter"]
[Black "Novak, Gorazd"]
[Result "0-1"]
[WhiteElo "2346"]
[BlackElo "2223"]
[PlyCount "66"]
[EventDate "2009.07.07"]
[EventType "swiss"]
[EventRounds "9"]
[EventCountry "SLO"]
[SourceTitle "EXT 2010"]
[Source "ChessBase"]
[SourceDate "2010.11.25"]
[SourceVersion "1"]
[SourceVersionDate "2010.11.25"]
[SourceQuality "1"]

1. e4 c5 2. Nf3 d6 3. d4 cxd4 4. Nxd4 Nf6 5. Nc3 a6 6. Be3 e5 7. Nde2 Be7 8. Ng3 Be6 9. Be2 0-0 10. 0-0 d5 11. exd5 Nxd5 12. Nxd5 Qxd5 13. Nf5 Nc6 14. Qxd5 Bxd5 15. Nxe7+ Nxe7 16. Bc5 Rfe8 17. Rfd1 Bc6 18. c4 Nf5 19. Bb6 Nh4 20. Bf1 Re6 21. Rd8+ Rxd8 22. Bxd8 Nxg2 23. f3 Nf4 24. Kf2 Rd6 25. Ba5 Nd3+ 26. Ke3 Nxb2 27. Be2 f5 28. f4 Re6 29. Re1 g6 30. Bc3 exf4+ 31. Kxf4 Re4+ 32. Kg5 Na4 33. Bb4 Kg7 0-1

[Event "SLO-ch qual"]
[Site "Otocec"]
[Date "2009.07.07"]
[Round "1"]
[White "Brcar, Ales"]
[Black "Novak, Gorazd"]
[Result "0-1"]
[WhiteElo "1885"]
[BlackElo "2223"]
[PlyCount "60"]
[EventDate "2009.07.07"]
[EventType "swiss"]
[EventRounds "9"]
[EventCountry "SLO"]
[SourceTitle "EXT 2010"]
[Source "ChessBase"]
[SourceDate "2010.11.25"]
[SourceVersion "1"]
[SourceVersionDate "2010.11.25"]
[SourceQuality "1"]

1. e4 c5 2. Nf3 d6 3. d4 cxd4 4. Nxd4 Nf6 5. Nc3 a6 6. Be3 e5 7. Nb3 Be6 8. Qd2 b5 9. f3 Nbd7 10. g4 b4 11. Na4 a5 12. 0-0-0 Be7 13. h4 Qc7 14. Qe2 0-0 15. h5 Rfb8 16. g5 Ne8 17. g6 Qc6 18. h6 fxg6 19. Qh2 Qxa4 20. Bh3 Bf7 21. Rdg1 Ndf6 22. hxg7 Qxa2 23. Bg5 a4 24. Bd7 h5 25. Bxe8 Rxe8 26. Qh4 axb3 27. Bxf6 Rec8 28. Rg2 bxc2 29. Rxc2 Rxc2+ 30. Kxc2 Rc8+ 0-1

[Event "SLO-chT 18th"]
[Site "Murska Sobota"]
[Date "2008.12.11"]
[Round "6"]
[White "Velickovic, Zoran"]
[Black "Novak, Gorazd"]
[Result "1-0"]
[WhiteElo "2400"]
[BlackElo "2235"]
[PlyCount "55"]
[EventDate "2008.12.06"]
[EventType "team-tourn"]
[EventRounds "9"]
[EventCountry "SLO"]
[SourceTitle "CBM 127 Extra"]
[Source "ChessBase"]
[SourceDate "2009.01.08"]
[SourceVersion "2"]
[SourceVersionDate "2009.01.28"]
[SourceQuality "1"]
[WhiteTeam "Maribor Branik"]
[BlackTeam "Krsko Triglav"]
[WhiteTeamCountry "SLO"]
[BlackTeamCountry "SLO"]

1. Nf3 Nf6 2. g3 g6 3. c4 Bg7 4. Bg2 0-0 5. d4 d5 6. 0-0 dxc4 7. Na3 c3 8. bxc3 c5 9. e3 Nc6 10. Bb2 Bf5 11. Nc4 Be4 12. Re1 Rc8 13. Ncd2 Bd3 14. Nb3 c4 15. Nc5 e5 16. Nxd3 cxd3 17. Nd2 Re8 18. Ne4 Qb6 19. Rb1 Nxe4 20. Bxe4 Qa5 21. a3 exd4 22. cxd4 d2 23. Re2 Qb5 24. Qxd2 Na5 25. Bd3 Nc4 26. Qe1 Rb8 27. Bc1 Qd5 28. Be4 1-0

[Event "SLO-chT 18th"]
[Site "Murska Sobota"]
[Date "2008.12.10"]
[Round "5"]
[White "Maksimenko, Andrei"]
[Black "Novak, Gorazd"]
[Result "1/2-1/2"]
[WhiteElo "2536"]
[BlackElo "2235"]
[PlyCount "42"]
[EventDate "2008.12.06"]
[EventType "team-tourn"]
[EventRounds "9"]
[EventCountry "SLO"]
[SourceTitle "CBM 127 Extra"]
[Source "ChessBase"]
[SourceDate "2009.01.08"]
[SourceVersion "2"]
[SourceVersionDate "2009.01.28"]
[SourceQuality "1"]
[WhiteTeam "Ptuj Tehcenter"]
[BlackTeam "Krsko Triglav"]
[WhiteTeamCountry "SLO"]
[BlackTeamCountry "SLO"]

1. Nf3 Nf6 2. c4 g6 3. Nc3 d5 4. Qa4+ Nc6 5. cxd5 Nxd5 6. Ne5 Ndb4 7. a3 Bg7 8. axb4 Bxe5 9. e3 a5 10. d4 Bg7 11. Be2 0-0 12. b5 Nb4 13. Qd1 e5 14. d5 e4 15. 0-0 Re8 16. Bc4 Qh4 17. f4 exf3 18. Qxf3 Bf5 19. Bd2 Bc8 20. Bc1 Bf5 21. e4 Bxe4 1/2-1/2

[Event "SLO-chT 18th"]
[Site "Murska Sobota"]
[Date "2008.12.09"]
[Round "4"]
[White "Novak, Gorazd"]
[Black "Srebrnic, Ana"]
[Result "0-1"]
[WhiteElo "2235"]
[BlackElo "2290"]
[PlyCount "63"]
[EventDate "2008.12.06"]
[EventType "team-tourn"]
[EventRounds "9"]
[EventCountry "SLO"]
[SourceTitle "CBM 127 Extra"]
[Source "ChessBase"]
[SourceDate "2009.01.08"]
[SourceVersion "2"]
[SourceVersionDate "2009.01.28"]
[SourceQuality "1"]
[WhiteTeam "Krsko Triglav"]
[BlackTeam "Nova Gorica"]
[WhiteTeamCountry "SLO"]
[BlackTeamCountry "SLO"]

1. e4 d6 2. d4 Nf6 3. Nc3 e5 4. dxe5 dxe5 5. Qxd8+ Kxd8 6. Nf3 Bd6 7. Bc4 Be6 8. Bxe6 fxe6 9. h3 a6 10. Bg5 b5 11. 0-0-0 Nbd7 12. Ne2 h6 13. Bxf6+ gxf6 14. g4 Ke7 15. Nh4 Rhg8 16. Rhf1 Nc5 17. Ng3 Rad8 18. Ng2 Na4 19. Rde1 c5 20. b3 Nb6 21. Ne3 c4 22. Rd1 a5 23. bxc4 Ba3+ 24. Kb1 Nxc4 25. Nxc4 bxc4 26. Ka1 c3 27. Ne2 Rb8 28. Nc1 Bb2+ 29. Kb1 Bxc1+ 30. Kxc1 Rb2 31. Rd3 Rxa2 32. Kd1 0-1

[Event "SLO-chT 18th"]
[Site "Murska Sobota"]
[Date "2008.12.07"]
[Round "2"]
[White "Navinsek, Thomaz"]
[Black "Novak, Gorazd"]
[Result "1-0"]
[WhiteElo "2304"]
[BlackElo "2235"]
[PlyCount "43"]
[EventDate "2008.12.06"]
[EventType "team-tourn"]
[EventRounds "9"]
[EventCountry "SLO"]
[SourceTitle "CBM 127 Extra"]
[Source "ChessBase"]
[SourceDate "2009.01.08"]
[SourceVersion "2"]
[SourceVersionDate "2009.01.28"]
[SourceQuality "1"]
[WhiteTeam "Ljubljana Metalka Trgovina"]
[BlackTeam "Krsko Triglav"]
[WhiteTeamCountry "SLO"]
[BlackTeamCountry "SLO"]

1. g3 Nf6 2. Bg2 d5 3. d3 g6 4. Bd2 c5 5. c4 Bg7 6. Nc3 d4 7. Na4 Nbd7 8. Qb3 Rb8 9. Qa3 b6 10. b4 cxb4 11. Bxb4 Bb7 12. Nf3 Ne5 13. 0-0 Nfg4 14. Rab1 Nxf3+ 15. exf3 Ne5 16. Rfe1 Nc6 17. Bd6 Rc8 18. f4 Bf6 19. c5 0-0 20. Be5 Bxe5 21. fxe5 Ra8 22. Qb2 1-0

[Event "SLO-chT2 East"]
[Site "Velenje"]
[Date "2006.10.03"]
[Round "7"]
[White "Kukovec, Borut"]
[Black "Novak, Gorazd"]
[Result "1/2-1/2"]
[WhiteElo "2223"]
[BlackElo "2184"]
[PlyCount "62"]
[EventDate "2006.05.21"]
[EventType "team"]
[EventRounds "9"]
[EventCountry "SLO"]
[SourceTitle "EXT 2008"]
[Source "ChessBase"]
[SourceDate "2007.11.25"]
[SourceVersion "1"]
[SourceVersionDate "2007.11.25"]
[SourceQuality "1"]

1. Nf3 Nc6 2. d4 d6 3. c4 Bg4 4. d5 Ne5 5. Nxe5 dxe5 6. Qb3 Qc8 7. e4 Nf6 8. c5 e6 9. f3 Bh5 10. dxe6 fxe6 11. Be3 Bf7 12. Bc4 Be7 13. Nd2 0-0 14. Rc1 Rd8 15. Qc3 Nd7 16. b4 c6 17. Qb3 Nf8 18. 0-0 Qc7 19. a4 b6 20. cxb6 axb6 21. Rc2 Rab8 22. Bb5 Be8 23. Rfc1 Qd6 24. Bxc6 Qxb4 25. Qxb4 Bxb4 26. Bxe8 Bxd2 27. Rxd2 Rxd2 28. Bxd2 Rxe8 29. Be3 Ra8 30. Rc4 Nd7 31. Kf2 Kf7 1/2-1/2